• 首页
  • 本馆介绍
  • 公告通知
  • 最新文献
  • 馆藏检索
  • 电子资源
  • 读者导购
  • 参考咨询
  • 我的图书馆
  • 登录
  • 详细信息显示
  • 放入我的书架
  • 预约/预借图书
  • 作者相关作品
  • 分类相关作品
  • 丛书相关作品
  • 出版社相关作品

书目信息

  • 表格格式
  • 工作单格式
  • 卡片格式
题名:
AutoCAD辅助设计宝典
    
 
作者: ;麓山文化图书公司 主编
分册:  
出版信息: 南京   江苏科学技术出版社  2014
页数: 458页
开本: 26cm
丛书名: 凤凰建筑数字设计师系列
单 册:
中图分类: TP391.72 , TU201.4
科图分类:
主题词: AutoCAD软件 , 建筑设计
电子资源:
ISBN: 978-7-5537-1895-8
000 01309nam0 2200265 450
001 175
005 20161111084252.23
010    @a978-7-5537-1895-8@dCNY65.00
100    @a20140422d2014 em y0chiy50 ea
101 0  @achi
102    @aCN@b320000
105    @ay z 000yy
200 1  @aAutoCAD辅助设计宝典@9AutoCAD fu zhu she ji bao dian@f麓山文化主编
210    @a南京@c江苏科学技术出版社@d2014
215    @a458页@d26cm@e1光盘
225 1  @a凤凰建筑数字设计师系列
307    @a附光盘:ISBN 978-7-89500-961-5
330    @a本书共分为六篇20章:第一篇为基础入门篇,介绍了AutoCAD 2014的基本知识及基本操作;第二篇为二维绘图篇,介绍了二维图形的绘制和编辑等知识;第三篇为效率提高篇,介绍了面域与图案填充、图块与外部参照、查询与辅助工具、资源管理工具等提升绘图效率工具的使用;第四篇为打印和注释篇,讲解了为图形添加尺寸标注、文字和表格注释的方法,以及打印输出图形的方法;第五篇为三维绘图篇,讲解了三维图形的创建与编辑的方法;第六篇为行业应用篇,也是综合实战篇,分别介绍了AutoCAD在建筑设计、室内设计、园林设计和工业产品设计行业领域中的应用方法和技巧。
606 0  @aAutoCAD软件
606 0  @a建筑设计
690    @aTP391.72@v5
690    @aTU201.4@v4
711 02 @a麓山文化图书公司@9lu shan wen hua tu shu gong si@4主编
801  0 @aCN@b大连网信软件有限公司图书馆·11@c20161111
905    @aZUCC@dTP391.72@e1091
    
    AutoCAD辅助设计宝典/麓山文化主编.-南京:江苏科学技术出版社,2014
    458页;26cm+1光盘.-(凤凰建筑数字设计师系列)
    
    
    ISBN 978-7-5537-1895-8:CNY65.00
    本书共分为六篇20章:第一篇为基础入门篇,介绍了AutoCAD 2014的基本知识及基本操作;第二篇为二维绘图篇,介绍了二维图形的绘制和编辑等知识;第三篇为效率提高篇,介绍了面域与图案填充、图块与外部参照、查询与辅助工具、资源管理工具等提升绘图效率工具的使用;第四篇为打印和注释篇,讲解了为图形添加尺寸标注、文字和表格注释的方法,以及打印输出图形的方法;第五篇为三维绘图篇,讲解了三维图形的创建与编辑的方法;第六篇为行业应用篇,也是综合实战篇,分别介绍了AutoCAD在建筑设计、室内设计、园林设计和工业产品设计行业领域中的应用方法和技巧。
●
相关链接 在E读中查询图书 在五车中查询图书 在当当中查询图书 在豆瓣中查询图书


正题名:AutoCAD辅助设计宝典     索取号:TP391.72/1091         预约/预借

序号 登录号 条形码 馆藏地/架位号 状态 备注
1 907492   209074927   第二样本阅览室/ [索取号:TP391.72/1091] 在馆    
2 907493   209074936   第三借阅区/ [索取号:TP391.72/1091] 在馆    
3 907494   209074945   第三借阅区/ [索取号:TP391.72/1091] 在馆    
4 907495   209074954   密集书库—计算机科学学院/ [索取号:TP391.72/1091] 在馆    
5 907496   209074963   第三借阅区/ [索取号:TP391.72/1091] 在馆    
唐山师范学院图书馆 欢迎您!
大连网信软件有限公司© 版权所有